00885nam a2200229 a 450000100100000000500170001000800410002702000180006804000250008608200190011110000420013024500410017226000360021330000280024950000730027765000250035065000350037565000640041065000650047465000270053965100890056600004271620260303133933.0140205s2012 dr a 001 0 spa d a9789945475401 aDO-SdBNPbspacBNPHU aRD867.5bR457g1 aReyes Peña, Víctor Manuel,d1960-13aEl gato con votos /cVíctor Reyes. aSanto Domingo :bOrtega,c2012. a126 p. :bil. ;c22 cm. aIncluye datos biográficos del autor en las solapas de la cubierta. 0aHumorismo dominicano 4aSátira política dominicana 4aCampañas políticasxAnécdotas, chistes, satiras, etc. 4aPolíticos dominicanosxAnécdotas, chistes, satiras, etc. 0aLiteratura dominicana. 4aRepública DominicanaxPolítica Y GobiernoxAnécdotas, Chistes, Sátiras, Etc.